| 000 | 02602nam0a2200433 4500 | ||
|---|---|---|---|
| 001 | RU\NLR\bibl\528379 | ||
| 005 | 20250609150624.0 | ||
| 010 |
_a5-7418-0320-2 _91000 |
||
| 021 |
_aRU _b2004-29457 _91488 |
||
| 035 | _a(NLR Aleph) 000520723 | ||
| 090 |
_a1291476 _c1291476 |
||
| 100 | _a20040608d2004 |||y0rusy50 ca | ||
| 101 | 0 | _arus | |
| 102 | _aRU | ||
| 105 | _aa ||||||||| | ||
| 135 | _acrmn mmmancda | ||
| 200 | 1 |
_aУправление безопасностью труда _eУчеб. пособие для студентов вузов по спец. "Безопасность технол. процессов и пр-в в горн. пр-сти" направления подгот. дипломир. специалистов "Безопасность жизнедеятельности" _fА.И. Субботин |
|
| 210 |
_aМ. _cИзд-во МГГУ _d2004 |
||
| 215 |
_a265,[1] с. _cил. _d22 |
||
| 225 | 1 | _aВысшее горное образование | |
| 320 | _aБиблиогр.: с. 259-260 | ||
| 325 | _aКопия доступна в Электрон. б-ке РНБ | ||
| 606 | 0 |
_aГорная промышленность _jРуководства, пособия и т.п. для высшей школы _xОхрана труда _91246454 _3RU\NLR\auth\66192620 |
|
| 606 | 0 |
_aГорная промышленность _jУчебные издания для высших учебных заведений _xОхрана труда _91246454 _3RU\NLR\auth\66192620 |
|
| 606 | 0 |
_aПромышленная безопасность _jРуководства, пособия и т.п. для высшей школы _xУправление _92213286 _3RU\NLR\auth\661329470 |
|
| 606 | 0 |
_aПромышленная безопасность _jУчебные издания для высших учебных заведений _xУправление _92213286 _3RU\NLR\auth\661329470 |
|
| 686 | 1 | _aУ24(2)795.305.4я73 | |
| 686 | 1 | _aУ30(2)54-21я73 | |
| 700 | 1 |
_aСубботин _bА. И. _gАлександр Иванович _4070 |
|
| 801 | 0 |
_aRU _bNLR _c20040608 _gPSBO |
|
| 801 | 1 |
_aRU _bNLR _c20040608 |
|
| 830 | _aАвт. по кн. | ||
| 942 | _cBOOK | ||
| 980 | _aNB | ||
| 981 | 1 | 3 |
_a(13) Документы, защищенные авторским правом _b(13) Современная научная, научно-популярная и популярная л |